Statistics for Bolivia First Level Subdivisions

Click here to take the quiz!

General Stats

  • This quiz has been taken 22 times
  • The average score is 6 of 9

Answer Stats

Departamentos % Correct
La Paz
100%
Beni
75%
Potosí
75%
Tarija
75%
Santa Cruz
67%
Cochabamba
58%
Oruro
58%
Pando
58%
Chuquisaca
50%

Score Distribution

Percentile by Number Answered

Percent of People with Each Score

Your Score History

You have not taken this quiz